| 000 | 00931nas a2200301 4500 | ||
|---|---|---|---|
| 001 | BR9801964 | ||
| 003 | BR-BrBNA | ||
| 005 | 20231205101004.0 | ||
| 007 | ta | ||
| 008 | 230509b bl.|||p| |||| 00| 00por d | ||
| 040 |
_aBR-BrBNA _bpor _cBiblioteca Nacional de Agricultura |
||
| 041 | _a(Pt) | ||
| 072 | _aP36 | ||
| 100 | 1 | _aVenturim, R.P. | |
| 100 | 1 | _aBahia, C.G. | |
| 245 | 1 | _aConsideracoes sobre os principais solos de Minas Gerais e sua susceptibilidade a erosao | |
| 650 | _aSolo | ||
| 650 | _aErosao do Solo | ||
| 650 | _aTextura do Solo | ||
| 650 | _aPermeabilidade | ||
| 650 | _aEstrutura do Solo | ||
| 650 | _aConservacao do Solo | ||
| 650 | _aLatossolo | ||
| 650 | _aMinas Gerais | ||
| 773 | 0 |
_tInforme Agropecuario - Empresa de Pesquisa Agropecuaria de Minas Gerais (Brazil) _xISSN 0100-3364 _g(1998), v. 19(191) p. 7-9 _wBR9801964 |
|
| 909 |
_a202311 _bLúcia _c55 _dLúcia Elande |
||
| 942 |
_2AGRIS _n0 _cANA |
||
| 999 |
_c159179 _d159179 |
||